000 01434nam a22003617a 4500
003 CHAP
005 20220329143338.0
008 081016s2008 mx a r 00010 spa d
010 _a95256
011 _a96228
035 _a106875
040 _cCHAP
090 _aTesis
100 1 _aValencia Luna, Jessica Berenice.
_9117418
245 1 0 _aManejo de las principales plagas y enfermedades del crisantemo (Dendranthema grandiflora Tzvelev) cv. Polaris
_c/por Jessica Berenice Valencia Luna
260 _aChapingo, Méx. :
_bEl autor,
_c2008
300 _aiv, 49 h. :
_bcuadros
502 _aTesis (Ing. Agr. Esp. en Parasitología Agrícola) -- UACH. Departamento de Parasitología Agrícola
530 _aTambién disponible en línea
590 _aALEPH
_b10
_c20130110
_lUCH01
_h1524
590 _aBATCH-UPD
_b10
_c20130110
_lUCH01
_h0131
590 _aBATCH-UPD
_b10
_c20130110
_lUCH01
_h0644
590 _aBATCH-UPD
_b10
_c20140324
_lUCH01
_h1508
590 _aBATCH-UPD
_b10
_c20141002
_lUCH01
_h0837
590 _aCONVERSION
_b10
_c20130109
_lUCH01
_h1353
650 0 4 _aCrisantemo
_xEnfermedades.
_928949
650 0 4 _aCrisantemo
_xPlagas
_xControl.
_928962
856 _3Finding aid
_uhttp://10.13.5.2/tesis/106875.pdf
_zTeclea aqui
901 _aBK
942 _cFOLL
949 _aTesis
_bBC
_cTES
_d33724002038637
_eTS1
_gDonaciØn
_h48287
_i106875
_sb
949 _aTesis
_bBC
_cTES
_d33724002038652
_eTS2
_fc.2
_gDonaciØn
_h48288
_i106875
_si
999 _c95256
_d95256